• 首页
  • 本馆介绍
  • 公告通知
  • 最新文献
  • 馆藏检索
  • 电子资源
  • 读者导购
  • 参考咨询
  • 我的图书馆
  • 登录
  • 详细信息显示
  • 放入我的书架
  • 预约/预借图书
  • 作者相关作品
  • 分类相关作品
  • 丛书相关作品
  • 出版社相关作品

书目信息

  • 表格格式
  • 工作单格式
  • 卡片格式
题名:
    
 
作者:
分册:  
出版信息: z 000yy    
页数:
开本:
丛书名:
单 册:
中图分类:
科图分类:
主题词: 三省堂编修所编--
电子资源:
ISBN:
000 00594nam0 2200205 45
001 0504211519
005 20050422095330.8
010    @b精装
100    @dCNY
101    @a2005
105    @0421d1975 km y0
200    @chiy0120 ea
210    @a z 000yy
215 a简 @AJian
517 Mi @i日
606 本篇 @f三省堂编修所编@
690    @FSan Sheng Tan
711    @g Bian Xiu Suo Bian
801    @a东京@c三省堂@d1975
905    @a1287,43页@d19cm
    
    hiy0120 ea.- z 000yy
    
    
    
    ISBN (精装):
    
●
相关链接 在E读中查询图书 在五车中查询图书 在当当中查询图书 在豆瓣中查询图书


正题名:简明地名词典     索取号:K91-61/1:1         预约/预借

序号 登录号 条形码 馆藏地/架位号 状态 备注
1 0183876   001303244   密集书库/ [索取号:K91-61/1:1] 在馆    
唐山师范学院图书馆 欢迎您!
大连网信软件有限公司© 版权所有